00832nam a22002297a 450000500170000001000130001702000210003003500130005103700160006404000120008008200110009210000250010324500640012826000450019227000540023730000200029165000550031165000330036694200200039999900190041995201640043820170124110123.0 aA-781216 c00.00a185368461 aA-781216 bCen Lib/Ret aDPLbEN aNbSHE aShelley, Mary931026 aFrankenstein or :cby Mary ShelleybThe modern Prometheus / aHertfordshirebWordsworth Classicsc1994 aCumberland House, Crib Street WarebHertfordshire a163p.c22cm(Hb) aFrankenstein, Victor (Fictitious character)931027 aHorror tales, English931028 2ddccENhNmSHE c131164d131164 04104070aLbLd2015-07-13eCen Lib/Ret g0.00l0oN SHEpA-781216r2015-07-13 00:00:00t1v0.00w2016-09-15yENzW/d List No. 6862/20 ; dtd 06/08/2020